| 000 -LEADER |
| fixed length control field |
02061cam a22004097a 4500 |
| 001 - CONTROL NUMBER |
| control field |
14164325 |
| 003 - CONTROL NUMBER IDENTIFIER |
| control field |
OSt |
| 005 - DATE AND TIME OF LATEST TRANSACTION |
| control field |
20240215114524.0 |
| 008 - FIXED-LENGTH DATA ELEMENTS--GENERAL INFORMATION |
| fixed length control field |
051103s2006 nyua b 001 0 eng d |
| 010 ## - LIBRARY OF CONGRESS CONTROL NUMBER |
| LC control number |
2005936755 |
| 020 ## - INTERNATIONAL STANDARD BOOK NUMBER |
| International Standard Book Number |
0847828042 |
| 020 ## - INTERNATIONAL STANDARD BOOK NUMBER |
| International Standard Book Number |
9780847828043 |
| 035 ## - SYSTEM CONTROL NUMBER |
| System control number |
(OCoLC)ocm69660931 |
| 040 ## - CATALOGING SOURCE |
| Original cataloging agency |
ZYU |
| Transcribing agency |
ZYU |
| Modifying agency |
BAKER |
| -- |
IBS |
| -- |
WCM |
| -- |
DLC |
| 042 ## - AUTHENTICATION CODE |
| Authentication code |
lccopycat |
| 043 ## - GEOGRAPHIC AREA CODE |
| Geographic area code |
e-uk--- |
| 050 00 - LIBRARY OF CONGRESS CALL NUMBER |
| Classification number |
NK1447.6.J65 |
| Item number |
F56 2006 |
| 082 ## - DEWEY DECIMAL CLASSIFICATION NUMBER |
| Classification number |
720.92 |
| Author Mark |
FLO |
| 100 1# - MAIN ENTRY--PERSONAL NAME |
| Personal name |
Flores, Carol A. Hrvol, |
| Dates associated with a name |
1944- |
| 9 (RLIN) |
120518 |
| 245 10 - TITLE STATEMENT |
| Title |
Owen Jones : |
| Remainder of title |
design, ornament, architecture, and theory in an age in transition / |
| Statement of responsibility, etc. |
Carol A. Hrvol Flores. |
| 260 ## - PUBLICATION, DISTRIBUTION, ETC. |
| Place of publication, distribution, etc. |
New York : |
| Name of publisher, distributor, etc. |
Rizzoli, |
| Date of publication, distribution, etc. |
2006. |
| 300 ## - PHYSICAL DESCRIPTION |
| Extent |
275 p. : |
| Other physical details |
ill. (some col.) ; |
| Dimensions |
32 cm. |
| 504 ## - BIBLIOGRAPHY, ETC. NOTE |
| Bibliography, etc. note |
Includes bibliographical references (p. 267-270) and index. |
| 505 0# - FORMATTED CONTENTS NOTE |
| Formatted contents note |
A new understanding of architecture -- Principles of architecture and the decorative arts -- Public architecture -- Interior design, decorative arts, and private architecture -- The legacy. |
| 600 10 - SUBJECT ADDED ENTRY--PERSONAL NAME |
| Personal name |
Jones, Owen, |
| Dates associated with a name |
1809-1874. |
| 9 (RLIN) |
120519 |
| 650 #0 - SUBJECT ADDED ENTRY--TOPICAL TERM |
| Topical term or geographic name entry element |
Design |
| Geographic subdivision |
Great Britain |
| General subdivision |
History |
| Chronological subdivision |
19th century. |
| 9 (RLIN) |
120520 |
| 650 #0 - SUBJECT ADDED ENTRY--TOPICAL TERM |
| Topical term or geographic name entry element |
Architecture |
| Geographic subdivision |
Great Britain |
| General subdivision |
History |
| Chronological subdivision |
19th century. |
| 9 (RLIN) |
33858 |
| 650 #0 - SUBJECT ADDED ENTRY--TOPICAL TERM |
| Topical term or geographic name entry element |
Decoration and ornament |
| Geographic subdivision |
Great Britain |
| General subdivision |
History |
| Chronological subdivision |
19th century. |
| 9 (RLIN) |
120521 |
| 650 #0 - SUBJECT ADDED ENTRY--TOPICAL TERM |
| Topical term or geographic name entry element |
Decoration and ornament, Architectural |
| Geographic subdivision |
Great Britain |
| General subdivision |
History |
| Chronological subdivision |
19th century. |
| 9 (RLIN) |
120522 |
| 700 1# - ADDED ENTRY--PERSONAL NAME |
| Personal name |
Jones, Owen, |
| Dates associated with a name |
1809-1874. |
| 9 (RLIN) |
120519 |
| 856 42 - ELECTRONIC LOCATION AND ACCESS |
| Materials specified |
Contributor biographical information |
| Uniform Resource Identifier |
<a href="http://www.loc.gov/catdir/enhancements/fy0629/2005936755-b.html">http://www.loc.gov/catdir/enhancements/fy0629/2005936755-b.html</a> |
| 856 42 - ELECTRONIC LOCATION AND ACCESS |
| Materials specified |
Publisher description |
| Uniform Resource Identifier |
<a href="http://www.loc.gov/catdir/enhancements/fy0629/2005936755-d.html">http://www.loc.gov/catdir/enhancements/fy0629/2005936755-d.html</a> |
| 856 41 - ELECTRONIC LOCATION AND ACCESS |
| Materials specified |
Table of contents only |
| Uniform Resource Identifier |
<a href="http://www.loc.gov/catdir/toc/fy0805/2005936755.html">http://www.loc.gov/catdir/toc/fy0805/2005936755.html</a> |
| 906 ## - LOCAL DATA ELEMENT F, LDF (RLIN) |
| a |
7 |
| b |
cbc |
| c |
copycat |
| d |
2 |
| e |
epcn |
| f |
20 |
| g |
y-gencatlg |
| 942 ## - ADDED ENTRY ELEMENTS (KOHA) |
| Source of classification or shelving scheme |
|
| Koha item type |
Book |
| Institution code [OBSOLETE] |
SADA |
| Call number prefix |
720.92 FLO 2006 |